Emojis - Essen & Trinken - Statistiken

Allgemein
  • Dieses Quiz wurde 1.170 mal gespielt
  • Das Durchschnittsergebnis liegt bei 30 aus 134
Antwortstatistiken
Emoji Animal % Korrekt
🍌 Banane
81%
🥒 Gurke
72%
🍐 Birne
70%
🍏 grüner Apfel
67%
🍎 roter Apfel
67%
🍓 Erdbeere
65%
🍅 Tomate
64%
🍆 Aubergine
55%
🥕 Karotte
54%
🥝 Kiwi
54%
🥗 Salat
54%
🍣 Sushi
54%
🍑 Pfirsich
53%
🍕 Pizza
53%
🥚 Ei
50%
🥔 Kartoffel
50%
🫑 Paprika
48%
🍋 Zitrone
48%
🍍 Ananas
47%
🍒 Kirschen
47%
🍉 Wassermelone
47%
🍇 Trauben
44%
🥭 Mango
42%
🍝 Spaghetti
42%
🧅 Zwiebel
42%
🍨 Eiscreme
41%
🧉 Mate-Tee
40%
🥦 Brokkoli
39%
🥧 Kuchen
39%
🥑 Avocado
38%
🍞 Brot
38%
🍦 Softeis
38%
🍧 Wassereis
37%
🥬 Blattgemüse
34%
🍷 Weinglas
34%
🧄 Knoblauch
32%
🥥 Kokosnuss
32%
🍟 Pommes frites
31%
🫐 Blaubeeren
30%
🥄 Löffel
28%
🍔 Hamburger
27%
🌽 Maiskolben
26%
🍴 Messer und Gabel
26%
🍰 Torte
26%
🍙 Reisbällchen
24%
🍫 Schokoladentafel
24%
🍽️ Teller mit Messer und Gabel
24%
🍬 Bonbon
23%
🍯 Honigtopf
23%
🍊 Mandarine
23%
🍘 Reiscracker
23%
🍚 Reis in Schüssel
23%
🍛 Reis mit Curry
23%
🫘 Bohnen
22%
🥨 Brezel
22%
🥙 Döner
22%
🍈 Honigmelone
22%
🍪 Keks
22%
🫒 Olive
22%
🥣 Schüssel mit Löffel
22%
🫚 Ingwer
21%
🧀 Käsestück
21%
🍩 Donut
20%
🥜 Erdnuss
20%
🌭 Hotdog
20%
🔪 Küchenmesser
20%
🥯 Bagel
19%
🥖 Baguette
19%
🧈 Butter
19%
🦐 Garnele
19%
🥛 Glas Milch
19%
🥂 Sektgläser
19%
🧇 Waffel
19%
🥐 Croissant
18%
🥪 Sandwich
17%
🌮 Taco
17%
🍿 Popcorn
16%
🥓 Bacon
15%
🍭 Lutscher
15%
🥞 Pfannkuchen
15%
🥩 Fleischstück
14%
🧂 Salz
14%
🍹 Cocktail
13%
🍤 frittierte Garnele
13%
🍜 Schüssel und Essstäbchen
13%
🍗 Hähnchenschenkel
12%
🍳 Spiegelei in Bratpfanne
12%
🦪 Auster
10%
🍄 Fliegenpilz
10%
🍸 Cocktailglas
9%
🧁 Cupcake
9%
🦞 Hummer
9%
🥘 Pfannengericht
9%
🥢 Essstäbchen
8%
🍠 geröstete Süßkartoffel
8%
🥠 Glückskeks
8%
🦀 Krebs
8%
🌶️ Peperoni
8%
🍲 Topf mit Essen
8%
🌯 Burrito
7%
🧆 Falafel
7%
🍮 Pudding
7%
🦑 Tintenfisch
7%
🍾 Flasche mit knallendem Korken
6%
🍺 Bierkrug
5%
🧋 Bubble Tea
4%
🫕 Fondue
4%
🧊 Eiswürfel
3%
🫖 Teekanne
3%
🥟 Teigtasche
3%
🍱 Bento-Box
2%
🍻 Bierkrüge
2%
🫛 Erbsenschote
2%
🎂 Geburtstagskuchen
2%
🌰 Kastanie
2%
🍵 Teetasse ohne Henkel
2%
🧃 Trinkpäckchen
2%
🍼 Babyflasche
1%
🫓 Fladenbrot
1%
🥫 Konserve
1%
🍶 Sake-Flasche mit Tasse
1%
🫔 Tamale
1%
🏺 Amphore
0%
🥤 Becher mit Strohhalm
0%
🍡 Dango
0%
🫙 Einmachglas
0%
🍥 Fischfrikadelle
0%
🍖 Fleischhachse
0%
🫗 Flüssigkeit ausgießen
0%
Heißgetränk
0%
🥮 Mondkuchen
0%
🍢 Oden
0%
🥡 Takeaway-Schachtel
0%
🥃 Trinkglas
0%
Keine übereinstimmenden Quizze gefunden
Verteilung der Resultate
Anzahl Personen mit jedem Resultat
Perzentil nach korrekt beantworteten Fragen
Ihre Resultats-Entwicklung
Sie haben dieses Quiz noch nicht gespielt